000 nam a22 7a 4500
999 _c26588
_d26588
008 170204b xxu||||| |||| 00| 0 eng d
020 _a01950224883
050 _aNA2500 .A45 1979
100 _aAlexander,Christopher
245 _aThe timeless way of building /
_cChristopher Alexander
260 _aNew York :
_b Oxford University Press,
_c1979.
300 _axv,552p. :
_bill. ;
_c21cm.
650 _a Architecture.
942 _2lcc
_cBOOKS
_hNA2500 .A45 1979